Equipos que ha eliminado España en la Euro 2024 - Estadísticas

Estadísticas generales
  • Esta prueba ha sido intentada 95 veces
  • La puntuación promedio es 6 de 7
Estadísticas de respuestas
Hint Respuesta % Correcto
Semifinales Francia
100%
Cuartos de final Alemania
98%
Final Inglaterra
98%
Fase de grupos Italia
95%
Fase de grupos Croacia
92%
Octavos de final Georgia
78%
Fase de grupos Albania
74%
No se encontraron pruebas coincidentes
Distribución de puntuación
Porcentaje de gente con cada puntuación
Porcentaje por número respondido
Historial de tus puntuaciones
No has intentado esta prueba.